00560nam a22001697a 450000500170000001000150001702000260003203500140005803700130007208200140008510000150009924500930011426000250020727001110023230000210034370000260036420220520151011.0 aENG-132749 a9788193216880c150.00 aEN-116281 bDBAD/PUB 2658.31124 aRaju, C.S. a100 Placement Tips:bWith 100 Questions and Answers/cC.S. Raju and M.S. Raja Rajeshwari aChennaibCoralc2016 a#8, 6th Cross, 8th Main Road, Vaishnavi Nagar, ThirumullaivoyalbChennaie600109mcoralbooks2016@gmail.com a176p.c21cm(pbk) aRajeshwari, M.S. Raja